| 000 | 00815nam a2200241 i 4500 | ||
|---|---|---|---|
| 001 | 000044997 | ||
| 003 | DO-SdBNP | ||
| 005 | 20240918101931.0 | ||
| 007 | ta | ||
| 008 | 150128s2005 dr 000 0 spa d | ||
| 040 |
_aDO-SdBNP _bspa _cBNPHU _erda |
||
| 110 | 1 |
_aRepública Dominicana. _b[Código Penal] _973008 |
|
| 245 | 1 | 0 |
_aCódigo penal de la República Dominicana : _bmodificado por la ley 24-9 (incluye ley 36-00). |
| 264 | 4 |
_aSanto Domingo : _beditor no identificado, _c2005. |
|
| 300 |
_a188 páginas ; _c21 cm. |
||
| 336 |
_atexto _btxt _2rdacontent |
||
| 337 |
_asin medición _bn _2rdamedia |
||
| 338 |
_avolumen _bnc _2rdacarrier |
||
| 500 | _aIncluye ley 36-00 | ||
| 500 | _aIncluye referencias bibliográficas y notas al pie de las páginas | ||
| 590 | _aInventariado, 2024/BT | ||
| 942 |
_2ddc _cLBS1 |
||
| 999 |
_c44486 _d44486 |
||